| 000 | 01552nam a2200385Ii 4500 | ||
|---|---|---|---|
| 001 | DIGEDUV0126 | ||
| 003 | NyNyDIG | ||
| 006 | m o d | ||
| 007 | cr ||||||||||| | ||
| 008 | 140401s2011 ag ob 000 0 spa d | ||
| 020 |
_a9789876990547 _q(eBook) |
||
| 020 | _z9789871727797 | ||
| 035 | _a(OCoLC)881821322 | ||
| 040 |
_aDGITA _beng _epn _cDGITA |
||
| 043 | _as-ag--- | ||
| 050 | 1 | 4 | _aLB1719.A7 eBook |
| 100 | 1 | _aBalma, Marta Fernanda. | |
| 245 | 1 | 0 |
_aFormación docente, ciudadanía y educación / _cMaría Fernanda Balma. |
| 264 | 1 |
_aVilla María, Córdoba, Argentina _bEDUVIM, Editorial Universitaria Villa María, _c2011. |
|
| 300 | _a1 online resource (206 pages) | ||
| 336 |
_atext _btxt _2rdacontent |
||
| 337 |
_acomputer _bc _2rdamedia |
||
| 338 |
_aonline resource _bcr _2rdacarrier |
||
| 490 | 1 | _aColección Primeros pasos. | |
| 500 | _a"Esta publicación es una versión revisada, mejorada y actualizada del trabajo final de grado que presenté para obtener el título de Lic. en Sociología por la Universidad Nacional de Villa María, en junio de 2009" (p. 9) | ||
| 504 | _aIncludes bibliographical references (p. 197-206). | ||
| 650 | 0 |
_aTeachers _xTraining of _zArgentina. |
|
| 655 | 0 | _aElectronic books. | |
| 791 | 2 |
_aDigitalia (Firm), _edistributor. |
|
| 830 | 0 | _aColección Primeros pasos. | |
| 793 | 0 |
_gDigitalia eBook Collection: _aEdiciones Eduvim |
|
| 856 | 4 | 0 |
_3Digitalia Hispánica _uhttps://www.digitaliapublishing.com/a/19063/ |
| 910 | _aPremium Collection: 2007-2012 | ||
| 942 | _cRAA | ||
| 999 |
_c236261 _d236261 |
||